[Event "Belgrade Trophy 36th"]
[Site "Belgrade"]
[Date "2023.11.26"]
[Round "2"]
[White "Kijanovic, Igor"]
[Black "Stanimirovic, Marija"]
[Result "1-0"]
[WhiteElo "2163"]
[BlackElo "1862"]
[PlyCount "55"]
[EventDate "2023.11.25"]
[EventType "swiss"]
[EventRounds "9"]
[EventCountry "SRB"]
[SourceTitle "CB49_2023"]
[SourceDate "2023.12.06"]
[SourceVersion "1"]
[SourceVersionDate "2023.12.06"]
[SourceQuality "1"]

1. d4 Nf6 2. c4 e6 3. Nf3 b6 4. g3 Bb7 5. Bg2 Bb4+ 6. Nbd2 0-0 7. 0-0 c5 8. Nb3 cxd4 9. Nbxd4 d5 10. Qa4 Qe7 11. cxd5 Bxd5 12. Bg5 Bc5 13. Nb3 Nbd7 14. Rac1 Rfc8 15. Nxc5 Nxc5 16. Qa3 a5 17. Rfd1 h6 18. Be3 Nfd7 19. Nd4 Bxg2 20. Kxg2 Kf8 21. Nb5 Ne4 22. Rxc8+ Rxc8 23. Rxd7 Qxa3 24. Nxa3 b5 25. Nxb5 Rc2 26. Nc3 Nxc3 27. bxc3 Rxc3 28. Ra7 1-0

[Event "SRB-chT (Women)"]
[Site "Custica"]
[Date "2022.10.28"]
[Round "7.5"]
[White "Palamarevic, Mina"]
[Black "Stanimirovic, Marija"]
[Result "1-0"]
[WhiteElo "1689"]
[BlackElo "1885"]
[PlyCount "113"]
[EventDate "2022.10.22"]
[EventType "team-tourn"]
[EventRounds "11"]
[EventCountry "SRB"]
[SourceTitle "EXT 2024"]
[Source "ChessBase"]
[SourceDate "2023.10.10"]
[SourceVersion "1"]
[SourceVersionDate "2023.10.10"]
[SourceQuality "1"]
[WhiteTeam "Belgrade Vitez (W)"]
[BlackTeam "Belgrade Crvena Zvezda (W)"]
[WhiteTeamCountry "SRB"]
[BlackTeamCountry "SRB"]

1. d4 Nf6 2. Nf3 e6 3. Bf4 d5 4. c3 Be7 5. e3 0-0 6. Bd3 c5 7. 0-0 Nc6 8. Nbd2 Bd7 9. Ne5 a6 10. a4 Na5 11. Nxd7 Qxd7 12. dxc5 Nc6 13. b4 e5 14. Bg3 e4 15. Be2 Qe6 16. Nb3 Rfd8 17. Nd4 Qc8 18. Qb3 h5 19. Rfd1 Ng4 20. h3 Nf6 21. Bf4 g6 22. Bg5 Nh7 23. Bxe7 Nxe7 24. Rac1 a5 25. Nb5 Nf6 26. Nd6 Qd7 27. Bb5 Nc6 28. Rd2 b6 29. c4 bxc5 30. bxc5 dxc4 31. Qxc4 Ne5 32. Qc3 Qe7 33. Rcd1 Kh7 34. c6 Nd3 35. Nb7 Nd5 36. Qb3 N5b4 37. Nxd8 Rxd8 38. Bxd3 exd3 39. Rxd3 Nxd3 40. Rxd3 Rc8 41. Rd7 Qe8 42. Qxf7+ Qxf7 43. Rxf7+ Kg8 44. Ra7 Rxc6 45. Rxa5 Kg7 46. Ra7+ Kf6 47. Kf1 Rc2 48. g3 Kf5 49. a5 Ra2 50. Kg2 Ke4 51. a6 Kd3 52. Rd7+ Ke2 53. a7 Ke1 54. Rf7 g5 55. e4 h4 56. g4 Ra5 57. e5 1-0

[Event "SRB-chT (Women)"]
[Site "Subotica"]
[Date "2019.08.31"]
[Round "10.3"]
[White "Gakovic, Isidora"]
[Black "Stanimirovic, Marija"]
[Result "1-0"]
[WhiteElo "1745"]
[BlackElo "1896"]
[PlyCount "73"]
[EventDate "2019.08.22"]
[EventType "team-tourn"]
[EventRounds "11"]
[EventCountry "SRB"]
[SourceTitle "EXT 2020"]
[Source "ChessBase"]
[SourceDate "2019.10.17"]
[SourceVersion "1"]
[SourceVersionDate "2019.10.17"]
[SourceQuality "1"]
[WhiteTeam "Novi Sad CC (W)"]
[BlackTeam "Novi Sad Sah Kruzok (W)"]
[WhiteTeamCountry "SRB"]
[BlackTeamCountry "SRB"]

1. e4 c5 2. Nf3 d6 3. d4 cxd4 4. Nxd4 Nf6 5. Nc3 a6 6. Be2 b5 7. f3 Bb7 8. Be3 e6 9. Qd2 Be7 10. g4 0-0 11. 0-0-0 b4 12. Na4 Qa5 13. b3 Nbd7 14. g5 Ne8 15. Kb1 d5 16. h4 Nc7 17. a3 Nb5 18. axb4 Bxb4 19. c3 Nxc3+ 20. Nxc3 Bxc3 21. Qa2 Qxa2+ 22. Kxa2 e5 23. Nf5 d4 24. Bc1 Bb4 25. h5 Rfc8 26. Bd3 a5 27. Ba3 Rc3 28. Bb2 Rc7 29. Rc1 Rac8 30. Rxc7 Rxc7 31. Rg1 g6 32. Nh6+ Kg7 33. Bc4 f6 34. gxf6+ Kxh6 35. Bc1+ g5 36. Rxg5 Nxf6 37. Rg6+ 1-0

[Event "SRB-chT (Women)"]
[Site "Subotica"]
[Date "2019.08.25"]
[Round "4.6"]
[White "Miladinovic, Lena"]
[Black "Stanimirovic, Marija"]
[Result "1-0"]
[WhiteElo "2119"]
[BlackElo "1896"]
[PlyCount "119"]
[EventDate "2019.08.22"]
[EventType "team-tourn"]
[EventRounds "11"]
[EventCountry "SRB"]
[SourceTitle "EXT 2020"]
[Source "ChessBase"]
[SourceDate "2019.10.17"]
[SourceVersion "1"]
[SourceVersionDate "2019.10.17"]
[SourceQuality "1"]
[WhiteTeam "Rudovci Radnicki (W)"]
[BlackTeam "Novi Sad Sah Kruzok (W)"]
[WhiteTeamCountry "SRB"]
[BlackTeamCountry "SRB"]

1. Nf3 f5 2. d4 Nf6 3. g3 b6 4. Bg2 Bb7 5. 0-0 e6 6. b3 Be7 7. c4 0-0 8. Bb2 Ne4 9. Nfd2 d5 10. Nc3 Bf6 11. Ndxe4 fxe4 12. e3 Na6 13. Ne2 Qe7 14. a4 Nb4 15. Ba3 a5 16. Rc1 c5 17. Bxb4 axb4 18. h4 Rfd8 19. Qc2 Rac8 20. Rfd1 cxd4 21. Nxd4 Bxd4 22. Rxd4 Rc5 23. Rcd1 Rdc8 24. Bxe4 dxe4 25. Rd7 Qf6 26. Rxb7 Rf8 27. Rdd7 Rf5 28. Rxg7+ Qxg7 29. Rxg7+ Kxg7 30. Qxe4 Rxf2 31. Qg4+ Kh8 32. Qxe6 Ra2 33. Qe5+ Kg8 34. Qd5+ Kg7 35. e4 Ra1+ 36. Kg2 Ra2+ 37. Kh3 Rff2 38. h5 Rh2+ 39. Kg4 Rad2 40. Qe5+ Kf7 41. Qc7+ Ke6 42. Qxb6+ Ke5 43. Qxb4 h6 44. Qe7+ Kd4 45. Qf6+ Kxe4 46. Qe6+ Kd4 47. Qxh6 Kc3 48. Qe3+ Rd3 49. Qe5+ Kxb3 50. a5 Kxc4 51. Qc7+ Kb4 52. Qb6+ Kc4 53. Qc6+ Kb4 54. a6 Ra3 55. a7 Rha2 56. Qe4+ Kc5 57. Qe5+ Kc6 58. Qf6+ Kd5 59. h6 Rxa7 60. h7 1-0

[Event "SRB-chT (Women)"]
[Site "Subotica"]
[Date "2019.08.24"]
[Round "3.4"]
[White "Arsovic, Jelena"]
[Black "Stanimirovic, Marija"]
[Result "0-1"]
[WhiteElo "2034"]
[BlackElo "1896"]
[PlyCount "76"]
[EventDate "2019.08.22"]
[EventType "team-tourn"]
[EventRounds "11"]
[EventCountry "SRB"]
[SourceTitle "EXT 2020"]
[Source "ChessBase"]
[SourceDate "2019.10.17"]
[SourceVersion "1"]
[SourceVersionDate "2019.10.17"]
[SourceQuality "1"]
[WhiteTeam "Kac Jugovic (W)"]
[BlackTeam "Novi Sad Sah Kruzok (W)"]
[WhiteTeamCountry "SRB"]
[BlackTeamCountry "SRB"]

1. e4 c5 2. Nf3 a6 3. a4 Nc6 4. Bc4 e6 5. Nc3 Nf6 6. Qe2 Nd4 7. Qd3 d5 8. Bb3 Nxb3 9. cxb3 d4 10. Ne2 Qa5 11. 0-0 b5 12. b4 Qxb4 13. axb5 Bb7 14. bxa6 Bxe4 15. Qa3 Qxa3 16. Rxa3 Bd6 17. Ra5 Bd3 18. Re1 Rxa6 19. Rxa6 Bxa6 20. b4 cxb4 21. Nexd4 0-0 22. Bb2 Nd5 23. Ra1 Bd3 24. Ne1 Bg6 25. Nb5 Bf4 26. Nf3 h6 27. g3 Bb8 28. Ne5 Bxe5 29. Bxe5 f6 30. Bb2 Rc8 31. Rc1 Ra8 32. Ra1 Rxa1+ 33. Bxa1 Nb6 34. Nc7 Kf7 35. Nb5 Nc4 36. d4 b3 37. Kg2 b2 38. Nd6+ Ke7 0-1

[Event "SRB-ch U20 Girls"]
[Site "Belgrade"]
[Date "2017.05.03"]
[Round "9"]
[White "Vujcic, Milena"]
[Black "Stanimirovic, Marija"]
[Result "0-1"]
[WhiteElo "1853"]
[BlackElo "2014"]
[PlyCount "80"]
[EventDate "2017.04.28"]
[EventType "tourn"]
[EventRounds "9"]
[EventCountry "SRB"]
[SourceTitle "CBM 178 Extra"]
[Source "ChessBase"]
[SourceDate "2017.06.22"]
[SourceVersion "1"]
[SourceVersionDate "2017.06.22"]
[SourceQuality "1"]

1. e4 c5 2. Nf3 d6 3. d4 cxd4 4. Nxd4 Nf6 5. Nc3 a6 6. Bg5 e6 7. f4 Nbd7 8. Qf3 Qc7 9. 0-0-0 b5 10. g4 Bb7 11. Bxf6 Nxf6 12. g5 Nd7 13. f5 e5 14. Nde2 Rc8 15. Rd2 b4 16. Nd5 Qa5 17. Kb1 b3 18. Ndc3 bxa2+ 19. Ka1 Nc5 20. Rd1 Na4 21. Nxa4 Qxa4 22. Nc3 Qxc2 23. Bd3 Qb3 24. Rc1 Rc5 25. Bc2 Qb4 26. Ba4+ Kd8 27. Rhd1 Kc8 28. h4 Kb8 29. Bc2 Rc4 30. Nd5 Bxd5 31. Rxd5 Be7 32. f6 gxf6 33. gxf6 Bd8 34. Qf1 Bb6 35. Rxd6 Bd4 36. Rxd4 exd4 37. Bd3 Rxc1+ 38. Qxc1 Rc8 39. Qf4+ Ka7 40. e5 Rc5 0-1

[Event "SRB-ch U20 Girls"]
[Site "Belgrade"]
[Date "2017.05.01"]
[Round "6"]
[White "Stanimirovic, Marija"]
[Black "Bojicic, Andjela"]
[Result "0-1"]
[WhiteElo "2014"]
[BlackElo "2166"]
[PlyCount "122"]
[EventDate "2017.04.28"]
[EventType "tourn"]
[EventRounds "9"]
[EventCountry "SRB"]
[SourceTitle "CBM 178 Extra"]
[Source "ChessBase"]
[SourceDate "2017.06.22"]
[SourceVersion "1"]
[SourceVersionDate "2017.06.22"]
[SourceQuality "1"]

1. c4 Nf6 2. Nc3 g6 3. g3 Bg7 4. Bg2 0-0 5. Nf3 d6 6. 0-0 e5 7. d3 Nc6 8. Rb1 a5 9. a3 Re8 10. b4 axb4 11. axb4 Nd4 12. Bb2 c6 13. e3 Nxf3+ 14. Bxf3 d5 15. b5 Bh3 16. Re1 Qd6 17. Qb3 e4 18. dxe4 dxe4 19. Red1 Qe6 20. Be2 Ng4 21. Rd2 Qf5 22. Bxg4 Bxg4 23. Ne2 Bxb2 24. Qxb2 Bf3 25. Qc1 Bg4 26. bxc6 bxc6 27. Nd4 Qf6 28. c5 Ra5 29. Ra1 Rea8 30. Rxa5 Rxa5 31. Rb2 Bd7 32. Rb8+ Kg7 33. Qb2 Kh6 34. Rb7 Bh3 35. Qc1 Kg7 36. Rb6 Ra2 37. Rb2 Ra4 38. Qd1 Ra3 39. Rd2 h5 40. Qc1 Ra4 41. Qd1 Ra6 42. Qb1 Ra4 43. Qd1 Ra8 44. Qb1 Kh7 45. Rd1 Bg4 46. Rc1 Re8 47. Qb7 Rc8 48. Ra1 Kg7 49. Ra6 Qe5 50. Rxc6 Rb8 51. Qc7 Rb1+ 52. Kg2 Qd5 53. h3 Bf3+ 54. Nxf3 exf3+ 55. Kh2 Qd1 56. Rxg6+ Kxg6 57. Qd6+ Qxd6 58. cxd6 Kf6 59. g4 h4 60. d7 Ke7 61. g5 Rf1 0-1

[Event "SRB-ch U20 Girls"]
[Site "Belgrade"]
[Date "2017.04.29"]
[Round "2"]
[White "Srdanovic, Jovana"]
[Black "Stanimirovic, Marija"]
[Result "1-0"]
[WhiteElo "1835"]
[BlackElo "2014"]
[PlyCount "69"]
[EventDate "2017.04.28"]
[EventType "tourn"]
[EventRounds "9"]
[EventCountry "SRB"]
[SourceTitle "CBM 178 Extra"]
[Source "ChessBase"]
[SourceDate "2017.06.22"]
[SourceVersion "1"]
[SourceVersionDate "2017.06.22"]
[SourceQuality "1"]

1. d4 Nf6 2. Nf3 g6 3. Bf4 Bg7 4. c3 0-0 5. e3 d6 6. Nbd2 c5 7. h3 Be6 8. Be2 Qb6 9. Qc1 Qc7 10. 0-0 cxd4 11. exd4 Nc6 12. Re1 a6 13. Ng5 Bf5 14. Bf3 h6 15. Nge4 Nd5 16. Bh2 Nb6 17. Nf1 Bd7 18. Nc5 e5 19. dxe5 dxe5 20. Nxd7 Nxd7 21. Ne3 Kh7 22. Nd5 Qa5 23. Qc2 f5 24. Rad1 e4 25. Bc7 Qxa2 26. Be2 Nde5 27. Rd2 Rae8 28. Red1 Nc4 29. Bxc4 Qxc4 30. Bd6 Rf7 31. b3 Qb5 32. Nc7 Rxc7 33. Bxc7 Qc5 34. Rd5 Qa3 35. Bd6 1-0

[Event "SRB-ch U18 Girls"]
[Site "Kragujevac"]
[Date "2016.05.08"]
[Round "9"]
[White "Stanimirovic, Marija"]
[Black "Lalic, Danka"]
[Result "1-0"]
[WhiteElo "1802"]
[BlackElo "1887"]
[PlyCount "79"]
[EventDate "2016.05.02"]
[EventType "tourn"]
[EventRounds "9"]
[EventCountry "SRB"]
[SourceTitle "CBM 172 Extra"]
[Source "ChessBase"]
[SourceDate "2016.06.21"]
[SourceVersion "1"]
[SourceVersionDate "2016.06.21"]
[SourceQuality "1"]

1. c4 d6 2. Nc3 Nf6 3. Nf3 g6 4. g3 Bg7 5. Bg2 0-0 6. 0-0 e5 7. d4 Nbd7 8. dxe5 dxe5 9. Qc2 c6 10. e4 Qe7 11. Rd1 Re8 12. a3 Nf8 13. b4 Bg4 14. h3 Bxf3 15. Bxf3 Ne6 16. Ne2 Red8 17. Bb2 Ne8 18. c5 N8c7 19. Bg2 Nd4 20. Nxd4 exd4 21. Qd3 a5 22. f4 Rd7 23. Qc4 Ne6 24. Rd3 Rad8 25. Rad1 Kh8 26. Kh2 Qe8 27. f5 gxf5 28. exf5 Ng5 29. Bxd4 Qe2 30. Bxg7+ Kg8 31. Qf4 Rxd3 32. Rxd3 Qxd3 33. Qxg5 Qd2 34. Qg4 Qd1 35. Qg5 Qd2 36. Qf6 axb4 37. Bh6 Qd4 38. Qg5+ Kh8 39. f6 Rg8 40. Bg7+ 1-0

[Event "SRB-ch U18 Girls"]
[Site "Kragujevac"]
[Date "2016.05.06"]
[Round "7"]
[White "Stanimirovic, Marija"]
[Black "Petrovic, Tamara"]
[Result "1/2-1/2"]
[WhiteElo "1802"]
[BlackElo "1775"]
[PlyCount "61"]
[EventDate "2016.05.02"]
[EventType "tourn"]
[EventRounds "9"]
[EventCountry "SRB"]
[SourceTitle "CBM 172 Extra"]
[Source "ChessBase"]
[SourceDate "2016.06.21"]
[SourceVersion "1"]
[SourceVersionDate "2016.06.21"]
[SourceQuality "1"]

1. c4 Nf6 2. Nc3 e6 3. Nf3 Bb4 4. a3 Bxc3 5. dxc3 b6 6. g3 Bb7 7. Bg2 0-0 8. 0-0 d6 9. b4 Nbd7 10. Qb3 Qe7 11. h3 c5 12. Rd1 Rfc8 13. Bd2 Be4 14. g4 cxb4 15. cxb4 d5 16. Rac1 dxc4 17. Rxc4 Bd5 18. Rxc8+ Rxc8 19. Qb2 Be4 20. Rc1 Qd8 21. Rxc8 Qxc8 22. Qc1 Qb7 23. Bf4 Nd5 24. Bg3 b5 25. Bd6 N7b6 26. Qf4 Nf6 27. Bc5 Nc4 28. Bd4 Ne8 29. Qc1 Ned6 30. Qc3 Ne8 31. Qc1 1/2-1/2

[Event "SRB-ch U18 Girls"]
[Site "Kragujevac"]
[Date "2016.05.04"]
[Round "4"]
[White "Soklovacki, Mila"]
[Black "Stanimirovic, Marija"]
[Result "1/2-1/2"]
[WhiteElo "1851"]
[BlackElo "1802"]
[PlyCount "39"]
[EventDate "2016.05.02"]
[EventType "tourn"]
[EventRounds "9"]
[EventCountry "SRB"]
[SourceTitle "CBM 172 Extra"]
[Source "ChessBase"]
[SourceDate "2016.06.21"]
[SourceVersion "1"]
[SourceVersionDate "2016.06.21"]
[SourceQuality "1"]

1. e4 c5 2. Nc3 d6 3. f4 e6 4. Nf3 Be7 5. Bb5+ Nd7 6. 0-0 a6 7. Bxd7+ Bxd7 8. d3 Nf6 9. e5 dxe5 10. Nxe5 0-0 11. Nxd7 Qxd7 12. Be3 b5 13. Ne4 Qc6 14. Qf3 Rac8 15. Nxf6+ Bxf6 16. Qxc6 Rxc6 17. Rab1 c4 18. dxc4 Rxc4 19. c3 Rd8 20. Rbd1 1/2-1/2

[Event "Vojvodina-ch 6th"]
[Site "Novi Sad"]
[Date "2015.07.26"]
[Round "3"]
[White "Nomin Erdene, Davaademberel"]
[Black "Stanimirovic, Marija"]
[Result "1-0"]
[WhiteElo "2303"]
[BlackElo "1822"]
[PlyCount "65"]
[EventDate "2015.07.25"]
[EventType "swiss"]
[EventRounds "9"]
[EventCountry "YUG"]
[SourceTitle "CBM 167 Extra"]
[Source "ChessBase"]
[SourceDate "2015.09.14"]
[SourceVersion "1"]
[SourceVersionDate "2015.09.14"]
[SourceQuality "1"]

1. e4 c5 2. Nf3 d6 3. d4 cxd4 4. Nxd4 Nf6 5. Nc3 a6 6. Be3 e6 7. f3 Be7 8. Qd2 Qc7 9. g4 0-0 10. 0-0-0 b5 11. h4 Bb7 12. g5 Nh5 13. Bh3 b4 14. Nce2 d5 15. Bg4 g6 16. Nxe6 fxe6 17. Bxe6+ Rf7 18. exd5 Bd6 19. f4 Nd7 20. Rhf1 Raf8 21. Kb1 Nc5 22. Bxc5 Qxc5 23. f5 Kh8 24. Bxf7 Rxf7 25. f6 Rd7 26. Nd4 Bxd5 27. Nb3 Bxb3 28. cxb3 Ng3 29. Rfe1 h6 30. Re8+ Kh7 31. Ka1 Qf5 32. Qd4 a5 33. f7 1-0

[Event "SRB-ch U16 Girls"]
[Site "Subotica"]
[Date "2014.04.22"]
[Round "8"]
[White "Petrovic, Tijana"]
[Black "Stanimirovic, Marija"]
[Result "0-1"]
[WhiteElo "1652"]
[BlackElo "1827"]
[PlyCount "110"]
[EventDate "2014.04.17"]
[EventType "swiss"]
[EventRounds "9"]
[EventCountry "SRB"]
[SourceTitle "CBM 160 Extra"]
[Source "ChessBase"]
[SourceDate "2014.07.01"]
[SourceVersion "1"]
[SourceVersionDate "2014.07.01"]
[SourceQuality "1"]

1. Nf3 c5 2. c4 Nc6 3. d4 cxd4 4. Nxd4 Nf6 5. Nc3 g6 6. e4 d6 7. Nc2 Bg7 8. Be2 0-0 9. 0-0 Bd7 10. Be3 Rc8 11. Rb1 Ne5 12. b3 Bc6 13. f3 a6 14. Qd2 Qc7 15. Rfc1 Rb8 16. Nd4 e6 17. b4 Rfd8 18. b5 Be8 19. Nb3 Nxc4 20. Bxc4 Qxc4 21. Nd5 Nxe4 22. fxe4 Qxe4 23. Bg5 exd5 24. Bxd8 Rxd8 25. Re1 Qc4 26. Na5 Qc5+ 27. Kh1 Bc3 28. Qg5 f6 29. Qh4 g5 30. Qh6 Bg6 31. Re7 f5 32. Rc1 Qd4 33. Nb3 Qf6 34. Rxb7 axb5 35. Rc7 b4 36. a3 d4 37. axb4 Bxb4 38. Rc8 Bc3 39. Rc7 Re8 40. Rxh7 Re6 41. Rc7 Re8 42. Rd1 f4 43. Rc1 f3 44. Rh7 fxg2+ 45. Kg1 Rf8 46. Rh8+ Qxh8 47. Qxg6+ Qg7 48. Qxg7+ Kxg7 49. Kxg2 Rb8 50. Na1 Rb2+ 51. Kg1 Kf6 52. h3 Ke5 53. Kf1 Rh2 54. Kg1 Rxh3 55. Rc2 Bxa1 0-1